Statistics for Champions League Trivia

Click here to take the quiz!

General Stats

  • This quiz has been taken 114 times
    (70 since last reset)
  • The average score is 14 of 20

Answer Stats

QuestionAnswer% Correct
What is the abbreviation of the organization
that organizes the competition?
UEFA
100%
How many English clubs has won the title?5
95%
Name one.Liverpool | Manchester United | Chelsea |
Aston Villa | Nottingham Forest
95%
Which club has won the most titles (including European Cup)?Real Madrid
95%
Who is the current winner?Real Madrid
95%
How many times has the winner won the title before
(excluding this title)?
13
88%
And how many?14
88%
Which two Eastern European clubs has won the title?FK Crvena zvezda
82%
What are the second and the third tier of this competition?UEFA Europa League
82%
What are the second and the third tier of this competition?UEFA Europa Conference League
80%
Name an English club succeed to secure their title.Liverpool | Nottingham Forest
71%
The winner of the Champions League will be qualified
for which two competitions?
UEFA Super Cup
67%
The winner of the Champions League will be qualified
for which two competitions?
FIFA Club World Cup
62%
Which two Eastern European clubs has won the title?Steaua București
59%
And where is the stadium located?Saint-Denis, Paris
56%
And it is home to...French National Team
42%
Which stadium held the last final?Stade de France
36%
And what is the full name of the organization?The Union of European Football Associations
32%
And the Anthem is an adaptation of which composer's anthem?George Frideric Handel
15%
Who wrote the Champions League Anthem?Tony Britten
14%

Score Distribution

Percentile by Number Answered

Percent of People with Each Score

Your Score History

You have not taken this quiz since the last reset